000 01193nam a22003497a 4500
003 CHAP
005 20241112133727.0
008 971013s1981 r 00010 d
010 _a34910
011 _a35882
035 _a39999
040 _cCHAP
090 _aTesis
100 0 0 _aOlmedo de la Peña, Juan.
_983167
245 _aEvaluación del bicarbonato de sodio como amortiguador del pH en una ración de engorda
260 _aMonterrey, N. L. :
_bel autor,
_c1981
300 _a67 h.
_b; gráfs.
502 _aTesis (Ing. Agr. Zootecnista) -- ITESM. División de Ciencias Agropecuarias y Marítimas
590 _aALEPH
_b10
_c20130110
_lUCH01
_h1300
590 _aBATCH-UPD
_b10
_c20130110
_lUCH01
_h0156
590 _aBATCH-UPD
_b10
_c20130110
_lUCH01
_h1300
590 _aBATCH-UPD
_b10
_c20130409
_lUCH01
_h2159
590 _aBATCH-UPD
_b10
_c20130410
_lUCH01
_h0819
590 _aBATCH-UPD
_b10
_c20130914
_lUCH01
_h0625
590 _aCONVERSION
_b10
_c20130109
_lUCH01
_h1320
650 1 4 _aBicarbonato de sodio.
_912603
650 1 4 _aGanado vacuno
_xEngorda.
_945461
650 1 7 _apH
_xMedición
_2
_987753
901 _aBK
942 _cTESIS
949 _bBC
_cTES
_d-91342
_eTS1
_i39999
_si
999 _c34910
_d34910